000 00592nam a2200205 u 4500
005 20240228064120.0
008 130621s2005 ve r 000 0 spa d
020 _a9806437640
035 _aUPN01000191690
049 _aI
050 4 _aPZ76.3
_bE8.6
100 1 _aEspinoza, Gerald,
_d1974-
_934205
245 1 3 _aUn perro es --/
_cGerald Espinoza.
260 _a[Venezuela] :
_bPlayco,
_c2005.
300 _a[18] p. :
_bprincipalmente il. col.
650 4 _aPerros
_vLiteratura infantil
_98585
650 4 _aLibros y lectura para niƱos
_92290
905 _aInfantil
999 _c163793
_d163793